Harry Potter: Barjow et Beurk - Statistiques

Statistiques générales
  • Ce quiz a été pris 93 fois
  • Le résultat moyen est 12 sur 24
Statistiques - réponses
Information Réponses % Correct
Première apparition Harry Potter et la Chambre des Secrets
99%
Dernière apparition Harry Potter et les Reliques de la Mort
96%
Pays Royaume Uni
96%
Nation Angleterre
90%
Ville Londres
90%
Propriétaire Caractacus Beurk
89%
Propriétaire Mr Barjow
89%
Emplacement Allée des Embrumes
81%
Fonction Commerciale
77%
Spécialité Magie noire
73%
Produit vendu Armoire à disparaître
62%
Vendeur Tom Jedusor
44%
Produit vendu Main de la Gloire
40%
Produit vendu Collier d'opale
27%
Produit vendu Médaillon de Salazar Serpentard
15%
Produit vendu Crânes humains
12%
Produit vendu Ossements humains
12%
Produit vendu Vieux flacons et bocaux
12%
Produit vendu Gros œil de verre
11%
Produit vendu Livre de magie noire
11%
Produit vendu Jeu de cartes ensanglanté
10%
Produit vendu Masques sinistres
10%
Produit vendu Rouleaux de corde de pendu
8%
Produit vendu Instruments pointus et rouillés
7%
Aucun quiz correspondant
Distribution des résultats
% des personnes avec chaque résultat
Percentile par nombre de réponses
Votre historique - résultats
Vous n’avez pas pris ce quiz